[Event "IV Jugando con las Estrellas 2019"]
[Site "Santa Cruz de la Palma"]
[Date "2019.08.15"]
[Round "7.1"]
[White "Kolosowski, Mateusz"]
[Black "Kurajica, Bojan"]
[Result "1-0"]
[WhiteElo "2458"]
[BlackElo "2494"]
[Annotator "TA"]
[PlyCount "51"]
[EventDate "2019.08.09"]
[EventType "swiss"]
[EventCountry "ESP"]
[SourceTitle "playchess.com"]
[Source "ChessBase"]
[SourceQuality "1"]

{[%evp 20,51,9,0,48,59,51,28,20,26,26,19,110,102,105,105,102,99,120,116,119,115,118,122,166,117,172,138,473,441,677,675,5414,5406]} 1. e4 c5 2. Nf3 Nc6 3. d4 cxd4 4. Nxd4 Nf6 5. Nc3 e6 6. Nxc6 bxc6 7. e5 Nd5 8. Ne4 Qc7 9. f4 Qa5+ 10. Bd2 Qb6 11. Bd3 a5 {B45: Sicilian Four Knights} (11... Ba6 12. Bxa6 Qxa6 13. Qe2 Qxe2+ 14. Kxe2 f5 15. Nf2 a5 16. c4 Nb4 17. Rhc1 c5 18. Be3 a4 19. g4 {½-½ (45) Giri,A (2762)-Lupulescu,C (2620) Antalya 2017}) 12. Qe2 Be7 13. a3 {[#]} f5 $146 {White has an edge.} ({Predecessor:} 13... Rb8 14. b3 O-O 15. Qf2 Qxf2+ 16. Kxf2 f6 17. exf6 Nxf6 18. Nxf6+ Bxf6 19. Rae1 a4 20. bxa4 {0-1 (44) Olafsson,H (2494)-Filippov,V (2605) Reykjavik 1999}) 14. exf6 $1 Nxf6 15. Bc3 Ba6 (15... Nxe4 $11 {keeps the balance.} 16. Qxe4 Bf6) 16. O-O-O $16 {Hoping for Nxf6+.} Bxd3 17. Nxf6+ ({Much weaker is} 17. cxd3 O-O $15) 17... Bxf6 18. Qxd3 Rd8 19. Bxf6 gxf6 20. Qc3 Ke7 21. g4 {g5 is the strong threat.} Rhf8 22. f5 {And now g5! would win.} Rg8 (22... e5 $16) 23. Qh3 Rg7 $2 {[%mdl 8192] [#]} (23... h5 $16 {is more resistant.}) 24. g5 $1 $18 {[%mdl 512] White is clearly winning.} Rf8 (24... Rxg5 $142 25. Qxh7+ Kf8) (24... fxg5 25. Qh6) 25. Rhe1 {[%cal Rf5e6]} fxg5 26. Qh6 {[%mdl 64] Double Attack. Accuracy: White = 69%, Black = 25%.} 1-0

[Event "IV Jugando con las Estrellas 2019"]
[Site "Santa Cruz de la Palma"]
[Date "2019.08.15"]
[Round "7.2"]
[White "Pile, Richard"]
[Black "Pakleza, Zbigniew"]
[Result "1/2-1/2"]
[WhiteElo "2416"]
[BlackElo "2499"]
[Annotator "TA"]
[PlyCount "86"]
[EventDate "2019.08.09"]
[EventType "swiss"]
[EventCountry "ESP"]
[SourceTitle "playchess.com"]
[Source "ChessBase"]
[SourceQuality "1"]

{[%evp 14,86,43,37,35,31,46,34,34,23,47,10,13,15,8,13,7,10,11,10,33,34,39,17,18,16,29,25,29,14,25,7,27,0,0,0,0,0,0,0,0,0,18,0,-2,-11,0,-8,-6,-8,0,-46,-47,-41,-29,-30,0,0,0,0,0,0,0,0,0,0,0,0,0,0,0,0,0,0,0]} 1. e4 g6 2. d4 Bg7 3. Nc3 c6 4. Nf3 d6 5. Be3 Nf6 6. h3 O-O 7. a4 Nbd7 8. Be2 e5 {B08: Pirc Defence: Classical System} (8... a5 9. O-O Qc7 10. Nd2 b6 11. Re1 Bb7 12. Bf1 e6 13. Qc1 Rad8 14. Nc4 Rfe8 15. Bf4 e5 16. dxe5 dxe5 17. Be3 {1-0 (31) Grigoriants,S (2561)-Yu,Y (2751) Riadh 2017}) 9. dxe5 Nxe5 10. O-O Be6 {White is slightly better.} 11. Re1 $146 ({Predecessor:} 11. Nd4 Bc4 12. a5 a6 13. f4 Bxe2 14. Qxe2 Ned7 15. Nb3 Qe7 16. Ra4 {½-½ (32) Pomes Marcet,J (2383)-Arias Boo,G (2203) Barcelona 2000}) 11... Qc7 12. Bf4 Rad8 13. Qc1 Nxf3+ 14. Bxf3 Nd7 15. a5 Ne5 16. Be2 Nc4 17. Bxc4 Bxc4 18. Ra4 Be6 19. Bh6 Rfe8 20. Bxg7 Kxg7 21. Qe3 a6 22. Qf4 Bc8 23. h4 Re5 24. Rd1 Qe7 25. Rad4 Rxa5 26. Rxd6 Rxd6 27. Rxd6 Bg4 {...Ra1+ is the strong threat.} 28. Qg3 Rh5 29. Rd4 Bc8 ({Stronger than} 29... Qxh4 30. Qxh4 Rxh4 31. e5 $16) 30. Ne2 Rxh4 31. Qc3 f6 32. e5 (32. Qa5 {with more complications.} Kf7 33. f3 Be6 34. Ng3 f5 35. Rd8) 32... Rxd4 ({Much weaker is} 32... Qxe5 33. Rxh4 Qxe2 34. Rd4 $11) 33. exf6+ Qxf6 34. Nxd4 a5 {[%cal Ba6a5,Ba5a4][%mdl 32]} 35. Qc5 {The position is equal.} a4 36. c3 h5 37. Qa7 Qe7 {[#]} 38. Nxc6 $1 {[%mdl 512]} Qe1+ (38... bxc6 39. Qxe7+) 39. Kh2 {[#]} a3 $1 {[%mdl 512]} 40. bxa3 {White wants to play Qd4+.} (40. Qxa3 bxc6) 40... Qxc3 41. Nb4 Qe5+ 42. Kg1 Qe1+ 43. Kh2 Qe5+ {Accuracy: White = 61%, Black = 64%.} 1/2-1/2

[Event "IV Jugando con las Estrellas 2019"]
[Site "Santa Cruz de la Palma"]
[Date "2019.08.15"]
[Round "7.3"]
[White "Lemos, Damian"]
[Black "Capote Robayna, Nathaniel"]
[Result "1-0"]
[WhiteElo "2487"]
[BlackElo "2200"]
[Annotator "ChessBase"]
[PlyCount "27"]
[EventDate "2019.08.09"]
[EventType "swiss"]
[EventCountry "ESP"]
[SourceTitle "playchess.com"]
[Source "ChessBase"]
[SourceQuality "1"]
[TimeControl "5400+30"]

1. c4 {[%emt 0:00:00]} Nf6 {[%emt 0:00:05]} 2. Nc3 {[%emt 0:00:00]} e5 {[%emt 0:00:29]} 3. Nf3 {[%emt 0:00:06]} Nc6 {[%emt 0:00:12]} 4. e4 {[%emt 0:00:16]} Bc5 {[%emt 0:00:44]} 5. Nxe5 {[%emt 0:00:21]} Bxf2+ {[%emt 0:09:27]} 6. Kxf2 {[%emt 0:00:54]} Nxe5 {[%emt 0:00:07]} 7. d4 {[%emt 0:00:10]} Neg4+ {[%emt 0:08:48]} 8. Kg1 {[%emt 0:01:00]} d6 {[%emt 0:03:39]} 9. h3 {[%emt 0:01:44]} Nh6 {[%emt 0:02:06]} 10. Bg5 {[%emt 0:03:53]} c6 {[%emt 0:02:14]} 11. Qf3 {[%emt 0:02:42]} Nhg8 {[%emt 0:02:01]} 12. Rd1 {[%emt 0:06:10]} h6 {[%emt 0:03:24]} 13. Bf4 {[%emt 0:01:14]} Nh7 {[%emt 0:03:56]} 14. Qg3 {[%emt 0:00:31]} 1-0

[Event "IV Jugando con las Estrellas 2019"]
[Site "Santa Cruz de la Palma"]
[Date "2019.08.15"]
[Round "7.4"]
[White "Brito Garcia, Alfredo"]
[Black "Minzer, Claudio Javier"]
[Result "0-1"]
[WhiteElo "2314"]
[BlackElo "2448"]
[Annotator "TA"]
[PlyCount "52"]
[EventDate "2019.08.09"]
[EventType "swiss"]
[EventCountry "ESP"]
[SourceTitle "playchess.com"]
[Source "ChessBase"]
[SourceQuality "1"]

{[%evp 18,100,16,8,30,0,2,0,16,-2,0,0,37,-1,13,-18,-7,-22,-4,-5,0,-23,-16,-41,-45,-52,-59,-79,-58,-81,-76,-82,-98,-88,-89,-102,-92,-148,-144,-158,-88,-95,-89,-112,-68,-186,-29,-62,-60,-51,0,-53,0,0,0,0,14,0,0,0,14,0,0,0,0,-85,-85,-270,-251,-720,-491,-451,-481,-483,-468,-402,-463,-422,-388,-446,-427,-555,-557,-535,-535]} 1. d4 Nf6 2. Nf3 e6 3. c4 Bb4+ 4. Nbd2 O-O 5. g3 b6 6. a3 Bxd2+ 7. Qxd2 Bb7 8. Bg2 Be4 9. O-O d5 10. Qc3 Nbd7 {E11: Bogo-Indian} (10... dxc4 11. Qxc4 Nc6 12. Bd2 Bd5 13. Qd3 Be4 14. Qc4 Bd5 15. Qd3 Be4 16. Qe3 Qd5 17. Rac1 Nxd4 18. Qxd4 Bxf3 19. Qxd5 Bxd5 20. Rxc7 {½-½ (33) Inarkiev,E (2695)-Jones,G (2635) Plovdiv 2012}) 11. cxd5 Nxd5 12. Qc4 Qb8 $146 {The position is equal.} ({Predecessor:} 12... Qc8 13. Bd2 Qb7 14. Rac1 Rfc8 {0-1 (41) Kieninger,G-Bogoljubow,E Schwelm 1950}) 13. Qb5 Rd8 14. Bg5 a6 15. Qc6 (15. Qb3 {seems wilder.} Re8 16. Ne5 Bxg2 17. Nxd7 Qc8 18. Kxg2 Qxd7 19. e4) 15... N5f6 16. Qc1 Qb7 17. Nh4 Bxg2 18. Nxg2 h6 19. Bxf6 Nxf6 {[%cal Bd7f6,Bf6e4,Be4d2][%mdl 32]} 20. Qf4 c5 21. dxc5 bxc5 22. Rab1 Rd4 23. Qf3 Ne4 24. Rfd1 Rad8 25. Rxd4 Rxd4 26. Nf4 a5 {Played: Qb7-b6} 0-1

[Event "IV Jugando con las Estrellas 2019"]
[Site "Santa Cruz de la Palma"]
[Date "2019.08.15"]
[Round "7.5"]
[White "Barbot, Pierre"]
[Black "Hernandez Leon, Alberto"]
[Result "1/2-1/2"]
[WhiteElo "2441"]
[BlackElo "2289"]
[Annotator "TA"]
[PlyCount "107"]
[EventDate "2019.08.09"]
[EventType "swiss"]
[EventCountry "ESP"]
[SourceTitle "playchess.com"]
[Source "ChessBase"]
[SourceQuality "1"]

{[%evp 21,107,33,37,37,62,64,65,63,62,62,77,28,16,29,20,29,50,0,45,62,94,0,0,0,102,0,0,0,0,4,7,-8,-12,-5,-11,-66,0,-25,-35,-60,-8,-8,-8,-8,0,0,0,0,0,0,0,0,0,0,16,16,35,35,35,35,35,35,35,35,35,35,35,0,28,28,28,3,28,8,10,10,10,0,0,0,0,0,0,0,0,0,0,0]} 1. e4 c5 2. Nf3 d6 3. d4 cxd4 4. Nxd4 Nf6 5. Nc3 a6 6. Be3 e5 7. Nb3 Be6 8. Qd2 Be7 9. O-O-O Nbd7 10. f4 exf4 11. Bxf4 Ne5 12. Nd4 {B90: Sicilian Najdorf: Unusual White 6th moves, 6 Be3 Ng4 and 6 Be3 e5} Qd7 (12... O-O 13. g3 Qd7 14. Nf5 Bxf5 15. exf5 Qxf5 16. Bg2 Rac8 17. Kb1 Nc4 18. Qd3 Qa5 19. Nd5 Nxd5 20. Bxd5 {1-0 (43) Morozevich,A (2676)-Nepomniachtchi,I (2767) Doha 2016}) 13. h3 O-O 14. g4 {White is slightly better.} b5 15. Bg2 Rac8 $146 ({Predecessor:} 15... b4 16. Nd5 Bxd5 17. exd5 Qa4 18. Kb1 Nfd7 19. g5 Rfe8 20. b3 Qa3 21. Nc6 Nxc6 22. dxc6 Ne5 23. Qd5 Rac8 24. Bc1 {1-0 (24) Lanka,Z (2510)-Stavru,A (2250) Budapest 1991}) 16. Nf5 Bxf5 17. exf5 Nc4 18. Qd3 $1 Qc7 19. Rhe1 Rfe8 (19... Qa5 $5 {[%cal Ra5b4]} 20. Kb1 (20. Rxe7 Qb4 $11) 20... Rfe8 $14 {[%mdl 64] Decoy}) 20. Kb1 {Hoping for g5.} Qa5 {[#]} 21. Bd2 (21. Bc1 $1 $16) 21... Qb4 $11 {[%csl Gc4][%cal Rb4b2]} 22. Bc1 Na3+ $1 23. Ka1 {Black should prevent Re2.} Rxc3 $1 24. Qxc3 Qxc3 25. bxc3 Nxc2+ {[%mdl 64] Double Attack} 26. Kb2 $132 {[%mdl 2048] White is not holding back} Nxe1 27. Rxe1 d5 {And now ...Ba3+! would win.} 28. Kb3 {[#]} (28. Rd1 $11) 28... Kf8 (28... Ne4 $1 $15 {[%mdl 512]}) 29. g5 Ne4 30. Bxe4 Bc5 ({Black should play} 30... Bd8 $15) 31. Be3 $1 {[%cal Re3c5]} ({Much worse is} 31. g6 hxg6 32. Be3 Bxe3 $17) 31... Bxe3 32. Bxd5 Bxg5 33. Rxe8+ Kxe8 {[%mdl 4096] Endgame KB-KB} 34. Bb7 a5 35. Bc6+ Kd8 36. Bxb5 Kc7 37. Kc4 Kb6 38. Be8 Bf6 39. Bxf7 h6 40. Be8 Be5 41. Kb3 Kc5 42. c4 Bf6 43. Bb5 Be5 44. Kc2 Bf6 45. Kd3 Ba1 46. Ke4 Bf6 47. Kf3 Be5 {The position is equal.} 48. Kg4 Bf6 49. a4 Be5 50. Kh5 Bf6 51. Kg6 Bd4 52. Kf7 Bc3 53. Ke6 Bf6 54. Kd7 {Accuracy: White = 53%, Black = 48%.} 1/2-1/2

[Event "IV Jugando con las Estrellas 2019"]
[Site "Santa Cruz de la Palma"]
[Date "2019.08.15"]
[Round "7.6"]
[White "Bressac, Stephane"]
[Black "Alonso Bouza, Julio Javier"]
[Result "0-1"]
[WhiteElo "2345"]
[BlackElo "2393"]
[Annotator "ChessBase"]
[PlyCount "68"]
[EventDate "2019.08.09"]
[EventType "swiss"]
[EventCountry "ESP"]
[SourceTitle "playchess.com"]
[Source "ChessBase"]
[SourceQuality "1"]
[TimeControl "5400+30"]

1. e4 {[%emt 0:00:18]} d6 {[%emt 0:00:00]} 2. d4 {[%emt 0:01:02]} Nf6 {[%emt 0:00:00]} 3. Nc3 {[%emt 0:00:08]} g6 {[%emt 0:00:00]} 4. g3 {[%emt 0:00:47]} Bg7 {[%emt 0:00:16]} 5. Bg2 {[%emt 0:00:08]} O-O {[%emt 0:00:17]} 6. Nge2 {[%emt 0:00:31]} e5 {[%emt 0:01:02]} 7. h3 {[%emt 0:02:23]} c6 {[%emt 0:00:13]} 8. a4 {[%emt 0:00:47]} a5 {[%emt 0:00:28]} 9. Be3 {[%emt 0:00:42]} Na6 {[%emt 0:03:10]} 10. O-O {[%emt 0:00:11]} Nb4 {[%emt 0:00:16]} 11. f4 {[%emt 0:02:10]} Be6 {[%emt 0:08:44]} 12. f5 {[%emt 0:05:58]} Bc4 {[%emt 0:01:32]} 13. g4 {[%emt 0:00:09]} exd4 {[%emt 0:12:53]} 14. Bxd4 {[%emt 0:03:12]} Re8 {[%emt 0:04:27]} 15. g5 {[%emt 0:10:51]} Bxe2 {[%emt 0:05:02]} 16. Nxe2 {[%emt 0:10:07]} Nxe4 {[%emt 0:04:51]} 17. fxg6 {[%emt 0:06:32]} hxg6 {[%emt 0:02:57]} 18. Bxg7 {[%emt 0:00:32]} Kxg7 {[%emt 0:00:53]} 19. Qd4+ {[%emt 0:01:45]} Kg8 {[%emt 0:01:30]} 20. Bxe4 {[%emt 0:00:14]} Qxg5+ {[%emt 0:25:37]} 21. Kh1 {[%emt 0:01:07]} Nxc2 {[%emt 0:05:18]} 22. Bxc2 {[%emt 0:03:12]} Rxe2 {[%emt 0:00:10]} 23. Rf2 {[%emt 0:00:10]} Rae8 {[%emt 0:10:00]} 24. Raf1 {[%emt 0:19:14]} Qg3 {[%emt 0:00:43]} 25. Bd3 {[%emt 0:09:57]} Qxh3+ {[%emt 0:01:12]} 26. Kg1 {[%emt 0:00:21]} Qg3+ {[%emt 0:00:36]} 27. Kh1 {[%emt 0:00:08]} Qh3+ {[%emt 0:00:53]} 28. Kg1 {[%emt 0:00:01]} R2e3 {[%emt 0:06:44]} 29. Rh2 {[%emt 0:10:48]} Rxd3 {[%emt 0:00:08]} 30. Qf6 {[%emt 0:00:57]} Qg4+ {[%emt 0:00:19]} 31. Kh1 {[%emt 0:00:47]} Qe4+ {[%emt 0:00:12]} 32. Rg2 {[%emt 0:00:23]} Qe6 {[%emt 0:01:35]} 33. Qg5 {[%emt 0:00:46]} Qh3+ {[%emt 0:00:30]} 34. Kg1 {[%emt 0:00:07]} Qe3+ {[%emt 0:00:08]} 0-1

[Event "IV Jugando con las Estrellas 2019"]
[Site "Santa Cruz de la Palma"]
[Date "2019.08.15"]
[Round "7.7"]
[White "Gutierrez Olivares, Daniel"]
[Black "Del Rey, Diego"]
[Result "1/2-1/2"]
[WhiteElo "2320"]
[BlackElo "2374"]
[Annotator "TA"]
[PlyCount "66"]
[EventDate "2019.08.09"]
[EventType "swiss"]
[EventCountry "ESP"]
[SourceTitle "playchess.com"]
[Source "ChessBase"]
[SourceQuality "1"]

{[%evp 10,66,18,13,35,32,31,12,24,12,14,0,14,-17,29,0,39,33,15,18,43,31,56,70,43,53,68,64,67,74,77,58,140,134,122,84,91,58,61,69,70,0,0,0,0,4,4,-43,0,-81,0,0,0,0,0,0,0,0,0]} 1. c4 e5 2. Nc3 Nf6 3. g3 Nc6 4. Bg2 Bc5 5. e3 d6 6. Nge2 a6 {A25: English Opening vs King's Indian with ...Nc6 but without early d3} 7. a3 (7. d4 exd4 8. exd4 Ba7 9. O-O h6 10. h3 O-O 11. Be3 Ne7 12. g4 Ng6 13. Ng3 Re8 {0-1 (24) Matlakov,M (2689)-Vitiugov,N (2725) Berlin 2015}) 7... Bb6 8. Qc2 $146 ({Predecessor:} 8. h3 Bf5 9. e4 {½-½ (9) Vajda,A (2439)-Manolache,M (2462) Serbia 2005}) 8... O-O 9. b3 Ne7 10. Bb2 c6 11. f4 exf4 12. gxf4 Nf5 13. O-O-O $1 d5 14. Na4 Ba7 15. c5 $1 Qe7 16. Ng3 Nh4 17. Rhg1 Bg4 ({Much worse is} 17... Nxg2 18. Rxg2 Kh8 19. Rdg1 $16) 18. Rdf1 Kh8 19. h3 Bd7 20. Bf3 Rg8 ({Avoid the trap} 20... Bxh3 $2 21. Rh1 $18) (20... Nxf3 $14 21. Rxf3 Rg8) 21. Bg4 Rad8 22. Bxd7 Rxd7 23. Nf5 Nxf5 24. Qxf5 Qe6 25. Qg5 (25. Qxe6 $14 fxe6 26. Rg2) 25... d4 $1 $11 26. Bxd4 {Black must now prevent f5.} Rxd4 27. exd4 {Hoping for Qg3.} Qxb3 {[%mdl 64] Double Attack} 28. Nc3 b6 {Strongly threatening ...bxc5.} 29. Rg3 (29. Qe5 $11 {remains equal.}) 29... Qc4 (29... bxc5 $17 30. dxc5 Ne4 {[%mdl 64] Decoy} 31. Nxe4 Qc4+ {[%mdl 64] Double Attack} 32. Rc3 Qxf1+ 33. Kb2 Rb8+ 34. Rb3 Rxb3+ 35. Kxb3 Qxh3+ 36. Kc2 Qd7) 30. Rfg1 {Threatens to win with Qxf6!The position is equal.} Ne4 {[%mdl 64] Double Attack} 31. Qe7 {Threatening mate with Rxg7!} Nxg3 32. Rxg3 bxc5 {[#] aiming for ...Bb6.} 33. Rxg7 $1 {[%mdl 512]} Rxg7 {Accuracy: White = 63%, Black = 41%.} (33... Kxg7 $5 34. Qg5+ $8 {[#]} Kh8 $1 {[%mdl 512]} 35. Qf6+ {[%mdl 64] Double Attack} Rg7 36. Qd8+ Rg8 37. Qf6+ {[%mdl 64] Double Attack} Rg7 38. Qd8+ Rg8 39. Qf6+ $11 {[%mdl 64] Double Attack}) 1/2-1/2

[Event "IV Jugando con las Estrellas 2019"]
[Site "Santa Cruz de la Palma"]
[Date "2019.08.15"]
[Round "7.8"]
[White "Perez Felipe, Marcos Adrian"]
[Black "Garcia Padron, Jose"]
[Result "0-1"]
[WhiteElo "2155"]
[BlackElo "2415"]
[Annotator "TA"]
[PlyCount "82"]
[EventDate "2019.08.09"]
[EventType "swiss"]
[EventCountry "ESP"]
[SourceTitle "playchess.com"]
[Source "ChessBase"]
[SourceQuality "1"]

{[%evp 16,112,1,-11,18,21,62,45,41,9,40,-29,0,0,0,0,0,0,25,0,0,0,0,-53,-44,-44,-8,-240,-68,-192,-51,-45,-52,-79,-64,-93,-61,-65,-68,-123,-87,-97,31,31,34,25,20,0,0,0,0,-27,-29,-53,-40,-32,-40,-109,-96,-103,-82,-145,-39,-45,-50,-40,-20,-28,0,-167,-165,-131,-139,-129,-87,-87,-82,-87,0,0,0,0,0,-451,-420,-308,-308,-2551,-1846,-1026,-996,-677,-677,-29970,-29973,-29971,-29973,-29974,-29975]} 1. d4 Nf6 2. c4 e6 3. Nc3 Bb4 4. e3 O-O 5. Nge2 d5 6. a3 Be7 7. cxd5 exd5 8. g3 c6 9. Bg2 h5 {E46: Nimzo-Indian: Rubinstein: 4 e3 0-0 5 Ne2 without early Bd3} (9... Na6 10. O-O Nc7 11. Qc2 Re8 12. Rd1 Bd7 13. h3 Rc8 14. Kh2 a6 15. Bd2 Nb5 16. Be1 Bf8 17. Nxb5 axb5 18. Qb3 Qc7 {1-0 (42) Wang,H (2710)-Leko,P (2723) Beijing 2014}) 10. h3 Bf5 11. Nf4 g6 {White is slightly better.} 12. O-O Bd6 13. Re1 $146 (13. f3 $1 $14) ({Predecessor:} 13. b3 Qc8 14. Kh2 Re8 15. h4 Nbd7 16. Kg1 Nf8 17. Bb2 Ne6 {½-½ (40) Solomon,K (2358)-Sirias Martinez,D (2285) Mallorca 2004}) 13... Re8 14. f3 g5 {[#]} 15. Nxh5 $1 {[%mdl 576] Remove Defender, Decoy} Nxh5 16. g4 Bg3 17. Rf1 Bg6 {White must now prevent ...Ng7.} 18. gxh5 Bxh5 19. Ne2 (19. Qb3 $11) 19... Bh4 $15 20. e4 Nd7 {[%cal Bb8d7,Bd7f8,Bf8e6][%mdl 32]} 21. b4 $2 (21. Be3 $11) 21... a5 $2 (21... dxe4 $1 $19 22. fxe4 Nf6) 22. bxa5 (22. Rb1 $15) 22... Qxa5 (22... dxe4 $1 $19 23. Rb1 e3 24. Rxb7 Nf6) 23. Ra2 Nf8 24. Qb3 Qa6 25. Be3 Rad8 {[%cal Ba8d8,Bd8d7,Bd7g7][%mdl 32]} 26. e5 Ne6 27. Rd2 (27. a4 $15) 27... Rd7 $17 28. Bf2 f5 (28... Qa5 $17 29. Qc3 Bxf2+ 30. Kxf2 Qd8) 29. Bxh4 $1 $14 gxh4 30. Qe3 $1 Rg7 31. Nf4 Nxf4 32. Qxf4 Qxa3 33. Rdf2 Qe7 34. Qxf5 Bg6 35. Qf4 $1 Rf8 36. Qe3 (36. Qh6 $1 $15) 36... Bf5 $17 37. Kh2 Kh7 $36 {[%mdl 2048] Keeping White busy.} 38. Rh1 {[#]} (38. Rb2 $142) 38... Rfg8 ({Black should play} 38... Rg3 $1 $17 39. Ra1 Be6) 39. Qf4 $15 Rf7 40. Bf1 Rg3 41. Rg1 $1 {[%cal Rg1g3]} Rxg1 {Played: Bf5-e4} 0-1

[Event "IV Jugando con las Estrellas 2019"]
[Site "Santa Cruz de la Palma"]
[Date "2019.08.15"]
[Round "7.9"]
[White "Alvarado Diaz, Alejandro"]
[Black "Klimentov, Roman"]
[Result "1-0"]
[WhiteElo "2391"]
[BlackElo "2173"]
[Annotator "TA"]
[PlyCount "71"]
[EventDate "2019.08.09"]
[EventType "swiss"]
[EventCountry "ESP"]
[SourceTitle "playchess.com"]
[Source "ChessBase"]
[SourceQuality "1"]

{[%evp 9,71,2,27,-4,0,-2,-10,-16,-14,-16,-16,1,-21,-66,-56,-58,151,143,162,160,344,356,358,347,322,240,230,256,227,204,380,367,372,370,481,488,462,475,616,609,597,594,559,541,555,517,599,599,586,574,1122,1108,1203,1169,1363,989,1452,1508,1289,1246,6668,6191,29968,29970]} 1. e4 c5 2. Nc3 d6 3. f4 g6 4. Nf3 Bg7 5. Bb5+ Bd7 6. Bc4 {B23: Closed Sicilian: Lines without g3} Nc6 7. O-O e6 8. d3 {The position is equal.} Nge7 9. f5 O-O 10. Qe1 gxf5 11. Qg3 fxe4 12. dxe4 Ne5 $146 (12... Ng6 $15 {stays ahead.}) ({Predecessor:} 12... Ng6 13. Qxd6 Nd4 14. Be3 Nxc2 {0-1 (45) Rodriguez,K (2401)-Canovas Pardomingo,M (2576) ICCF email 2009}) 13. Nxe5 $16 dxe5 {[#]} 14. Bg5 $1 $40 {[%cal Rg5f6][%mdl 128] Threatens to win with Bf6! White has strong attack.} ({Inferior is} 14. Bh6 Ng6 $11) 14... Kh8 $2 (14... Qe8 $16) 15. Qh4 $18 f6 16. Rxf6 Ng8 17. Rh6 ({Much less strong is} 17. Rf7 Qxg5 18. Qxg5 Rxf7 $18) 17... Bxh6 18. Bxd8 Raxd8 19. Qh3 b5 $2 (19... Rf6 20. Rd1 b5) 20. Nxb5 Bxb5 21. Bxb5 Rd2 22. Rf1 Rxf1+ 23. Kxf1 Rxc2 24. Qxe6 Rd2 25. Bc4 {[%csl Gc4][%cal Re6g8] [#]} Rd8 26. Qh3 Bg7 27. Bxg8 Rxg8 {[%mdl 4096] Endgame KQ-KRB} 28. Qd7 Rf8+ 29. Ke2 Rf4 30. g3 Rf8 31. Qxa7 c4 32. Qb7 Bh6 33. a4 {[%cal Ba2a4,Ba4a5,Ba5a6][%mdl 32]} Rd8 34. a5 Bc1 35. a6 {Qe7! would kill now.} Rd2+ 36. Kf3 {Accuracy: White = 80%, Black = 28%.} 1-0

[Event "IV Jugando con las Estrellas 2019"]
[Site "Santa Cruz de la Palma"]
[Date "2019.08.15"]
[Round "8.1"]
[White "Minzer, Claudio Javier"]
[Black "Kolosowski, Mateusz"]
[Result "1/2-1/2"]
[WhiteElo "2448"]
[BlackElo "2458"]
[Annotator "TA"]
[PlyCount "33"]
[EventDate "2019.08.09"]
[EventType "swiss"]
[EventCountry "ESP"]
[SourceTitle "playchess.com"]
[Source "ChessBase"]
[SourceQuality "1"]

{[%evp 15,33,-25,-23,-17,-6,-5,-18,-12,-9,-17,-10,-13,0,0,0,0,0,-95,-100,-29999]} 1. d4 Nf6 2. c4 g6 3. Nc3 d5 4. Nf3 Bg7 5. Bg5 Ne4 6. cxd5 Nxg5 7. Nxg5 e6 8. Qa4+ c6 9. dxc6 {D91: Grünfeld: 4 Nf3 Bg7 5 Bg5} Nxc6 10. Nf3 Bd7 {next ...Nxd4 is good for Black.} 11. Qd1 {The position is equal.} Qb6 12. Qd2 Nxd4 13. O-O-O $1 {[%cal Rf3d4]} Bc6 $36 {[%mdl 2048] [#] And now ...Rd8 would win. Black is pushing.} ({Reject} 13... e5 $6 14. e3 $14) 14. Nxd4 Rd8 $1 {[%cal Rd8d4]} 15. e3 {Black must now prevent Bd3.} e5 {[#]} 16. Nxc6 $146 (16. Qe1 $11 exd4 17. exd4+ Kf8 18. d5) ({Predecessor:} 16. Qe1 exd4 17. exd4+ Kf8 18. d5 Bxd5 19. Rxd5 Rxd5 20. Qe7+ Kxe7 21. Nxd5+ Kd6 22. Nxb6 axb6 {½-½ (22) Rakhmanov,A (2590)-Safarli,E (2629) Moscow 2011}) 16... Rxd2 $17 {[%csl Gd2][%cal Rb6b2]} 17. Nd4 $2 {[%mdl 40960] An unexpected result.} (17. Rxd2 $17 bxc6 18. Kb1) 1/2-1/2

[Event "IV Jugando con las Estrellas 2019"]
[Site "Santa Cruz de la Palma"]
[Date "2019.08.15"]
[Round "8.2"]
[White "Kurajica, Bojan"]
[Black "Alonso Bouza, Julio Javier"]
[Result "0-1"]
[WhiteElo "2494"]
[BlackElo "2393"]
[Annotator "TA"]
[PlyCount "54"]
[EventDate "2019.08.09"]
[EventType "swiss"]
[EventCountry "ESP"]
[SourceTitle "playchess.com"]
[Source "ChessBase"]
[SourceQuality "1"]

{[%evp 25,62,34,54,17,18,21,49,41,49,42,41,41,43,-87,-77,-85,-81,-410,-129,-290,-287,-529,-530,-628,-622,-893,-874,-995,-988,-968,-958,-949,-941,-941,-914,-910,-895,-889,-871]} 1. Nf3 Nf6 2. c4 g6 3. b3 Bg7 4. Bb2 O-O 5. g3 d6 6. d4 Nbd7 7. Bg2 Re8 8. O-O e5 9. dxe5 Ng4 10. Qd2 Ngxe5 11. Nc3 a5 12. Nxe5 Nxe5 13. Rad1 a4 14. h3 {E60: King's Indian: Unusual lines and Fianchetto Variation without Nc3} axb3 15. axb3 Bd7 $146 ({Predecessor:} 15... Be6 16. Qc1 Qc8 17. Kh2 Nc6 18. Ne4 Qd8 19. Bxg7 Kxg7 20. Qb2+ f6 21. c5 d5 {1-0 (42) Mekhitarian,K (2529)-Alboredo,J (2138) Brasilia 2018}) 16. Ra1 {White is slightly better.} Bc6 17. Rxa8 Qxa8 18. Ra1 Qc8 19. e4 {[#]} (19. Nd5 $14 {keeps the upper hand.}) 19... Qxh3 $1 $17 20. f4 Qh6 {And now ...Ng4 would win.} 21. Qd1 $2 {[%mdl 8192] [#]} (21. Nd5 $17 {was the crucial defense.}) 21... Nd7 $2 (21... Ng4 $1 $19 {[%mdl 512] is more deadly.} 22. Qxg4 Bd4+ 23. Kf1 Qh2) 22. e5 $2 {[#]} (22. b4 $17 {was called for.}) 22... Nxe5 $1 $19 {[%mdl 512]} 23. fxe5 $2 (23. Nd5 {was necessary.} Bxd5 24. cxd5) 23... Qe3+ {[%mdl 64] Double Attack. Black is clearly winning.} 24. Kf1 Rxe5 25. Ra8+ Bf8 {( -> ...Rf5+)} 26. g4 Qf4+ 27. Kg1 {[#]} Bxg2 {Played: Qf4-g3} 0-1